000
002790000a22001210004500
082
0
4
_a
R 030 B751a
100
1
_a
Brenson Lazán, Gilvert
245
1
0
_a
Y ahora... ¿cómo hago? / Gilbert Brenson Lazán
260
_a
Quito : Eirene
300
_a
37 P.
001
1371
942
_c
LGB
999
_c
48538
_d
48538